Les sports les plus pratiqués en France - par fédération - Statistiques

Statistiques générales
  • Ce quiz a été pris 192 fois
  • Le résultat moyen est 27 sur 90
Statistiques - réponses
Fédération Nombre de licences annuelles (en milliers) Nombre d'autres licences et autres titres de participation (en milliers) Ensemble (en milliers) Part des licences annuelles féminines (en %) % Correct
Fédération française de football 2 130,1 0,0 2 130,1 9,8
99%
Fédération française de basketball 527,9 150,6 678,5 34,3
96%
Fédération française de tennis 1 044,6 0,0 1 044,6 30,1
94%
Fédération française de rugby 351,8 3,1 354,9 12,2
87%
Fédération française de rugby à XIII 10,2 2,9 13,1 16,8
87%
Fédération française de handball 454,1 0,0 454,1 38,0
86%
Fédération française de natation 379,9 0,0 379,9 54,5
82%
Fédération française d'équitation 692,4 7,1 699,5 84,6
82%
Fédération française de tennis de table 158,1 18,5 176,6 15,0
80%
Fédération française de volley-ball 183,5 0,0 183,5 45,5
76%
Fédération française d'athlétisme 302,6 1,9 304,5 47,6
75%
Fédération française de judo-jujitsu et disciplines associées 469,1 15,4 484,5 32,3
74%
Fédération française de badminton 179,1 0,0 179,1 36,0
70%
Fédération française de gymnastique 285,5 0,0 285,5 82,9
66%
Fédération de boxe américaine et disciplines associées 0,9 0,0 0,9 31,4
64%
Fédération française de boxe 50,5 7,4 57,9 27,6
64%
Fédération française de karaté et disciplines associées 215,0 0,0 215,0 36,5
64%
Fédération française de savate, boxe française et disciplines associées 45,1 0,1 45,2 41,2
64%
Fédération française de danse 71,5 0,4 71,9 85,0
63%
Fédération française de cyclisme 109,7 5,2 114,9 11,7
59%
Fédération française de golf 442,0 0,0 442,0 26,9
59%
Fédération française de tir 246,1 0,0 246,1 10,9
50%
Fédération française de hockey 16,3 31,3 47,6 28,1
49%
Fédération française de hockey sur glace 21,8 1,0 22,8 13,7
49%
Fédération française de ski 92,5 0,0 92,5 37,8
49%
Fédération française de baseball, softball 14,7 0,0 14,7 22,2
48%
Fédération française de canoë-kayak et sports de pagaie 38,4 278,0 316,4 33,2
47%
Fédération française de la montagne et de l'escalade 103,2 7,0 110,2 46,1
43%
Fédération française d'escrime 52,4 0,3 52,7 31,6
43%
Fédération française de surf 14,9 61,0 75,9 36,0
43%
Fédération française du sport automobile 46,9 14,2 61,0 12,9
40%
Fédération française d'haltérophilie - musculation 17,7 0,1 17,8 39,2
39%
Fédération française de football américain 18,3 7,7 26,0 24,5
38%
Fédération française de voile 268,6 20,4 289,0 36,6
38%
Fédération française de pétanque et jeu provençal 263,3 0,0 263,3 17,1
37%
Fédération française de roller et skateboard 63,2 2,2 65,4 51,8
36%
Fédération française d'aviron 45,0 73,1 118,1 44,8
34%
Fédération française de tir à l'arc 68,9 0,1 69,0 33,7
34%
Fédération française de taekwondo et disciplines associées 42,1 0,0 42,1 40,6
30%
Fédération française de cyclotourisme 110,1 0,0 110,1 17,4
29%
Fédération française de motocyclisme 64,0 38,4 102,4 6,3
29%
Fédération française de lutte 22,9 17,2 40,0 20,0
28%
Fédération française des échecs 56,2 0,0 56,2 21,3
26%
Fédération française de vol libre 32,9 10,9 43,8 17,0
25%
Fédération française de triathlon et disciplines enchaînées 58,4 108,6 167,0 28,4
24%
Fédération française de la randonnée pédestre 221,6 17,7 239,3 64,6
19%
Fédération française de squash 16,5 0,0 16,5 20,6
18%
Fédération française de flying disc 6,1 0,1 6,2 29,9
17%
Fédération française de polo 0,9 0,0 0,9 26,1
17%
Fédération française de bowling et de sports de quilles 18,6 0,0 18,6 22,7
16%
Fédération française de parachutisme 13,6 51,1 64,7 15,4
15%
Fédération française d'aïkido, d'aïkibudo et affinitaires 19,2 0,0 19,2 32,0
12%
Fédération française d'aïkido et de budo 17,6 0,4 18,0 32,5
12%
Fédération française de pelote basque 14,7 15,5 30,3 18,5
12%
Fédération française des pêches sportives 9,9 0,3 10,2 5,5
12%
Fédération française des sports de billard 15,8 0,4 16,2 8,6
12%
Fédération française nautique de pêche sportive en apnée 1,1 0,0 1,1 3,1
12%
Fédération française de ski nautique et wake board 9,6 12,4 22,0 38,0
9%
Fédération française de pentathlon moderne 2,8 0,0 2,8 37,5
7%
Fédération française de javelot tir sur cible 0,7 0,0 0,7 16,9
5%
Fédération française de kick-boxing, muay-thaï et disciplines associées 49,7 0,5 50,2 29,1
5%
Fédération française du sport boules 40,4 0,0 40,4 14,6
5%
Fédération française motonautique 0,6 0,2 0,9 7,7
5%
Fédération française de la course d'orientation 9,7 26,3 36,0 43,0
4%
Fédération française des sports de glace 22,9 4,1 26,9 87,5
4%
Fédération française de char à voile 1,4 396,0 397,4 18,4
3%
Fédération française aéronautique 38,5 11,5 50,0 8,3
2%
Fédération française de ball-trap 32,8 18,7 51,5 5,2
2%
Fédération française d'études et sports sous-marins 127,9 88,1 216,0 32,7
2%
Fédération française sportive de twirling bâton 16,2 0,0 16,2 91,6
2%
Fédération française de ballon au poing 0,5 0,0 0,5 10,0
1%
Fédération française de force 8,4 0,2 8,5 30,9
1%
Fédération française de joutes et sauvetage nautique 4,5 0,0 4,5 23,4
1%
Fédération française de planeur ultra léger motorisé 16,5 0,0 16,5 4,7
1%
Fédération française des arts énergétiques et martiaux chinois 13,4 0,0 13,4 62,1
1%
Fédération française de sauvetage et secourisme 72,8 0,0 72,8 45,0
1%
Fédération française de spéléologie 7,1 6,4 13,4 28,8
1%
Fédération française des sports et loisirs canins 4,2 3,4 7,6 59,7
1%
Fédération française de vol en planeur 13,0 6,7 19,7 16,8
1%
Fédération française d'hélicoptère 0,2 0,0 0,2 6,2
1%
Fédération française d'aéromodélisme 22,1 0,5 22,6 4,7
0%
Fédération française d'aérostation 0,7 0,0 0,7 19,1
0%
Fédération française de jeu de balle au tambourin 2,2 0,0 2,3 30,2
0%
Fédération française de jeu de paume 2,1 0,0 2,1 5,0
0%
Fédération française de la course camarguaise 2,3 0,2 2,5 17,0
0%
Fédération française de la course landaise 2,1 0,0 2,1 23,9
0%
Fédération française de longue paume 0,9 0,0 0,9 23,5
0%
Fédération française de pulka et traineau à chiens 0,5 0,0 0,5 41,4
0%
Fédération française des sports de traîneau, de ski/VTT-Joering et de canicross 1,1 0,0 1,1 46,5
0%
Fédération française de voitures radio commandées 8,3 0,0 8,3 5,8
0%
Aucun quiz correspondant
Distribution des résultats
% des personnes avec chaque résultat
Percentile par nombre de réponses
Votre historique - résultats
Vous n’avez pas pris ce quiz